Overall survival in patients with malignant glioma may be significantly longer with tumors located in deep grey matter (Record no. 45836)

MARC details
000 -LEADER
fixed length control field 00390nam a2200109Ia 4500
100 ## - MAIN ENTRY--AUTHOR NAME
Personal name Ramnarayan Ramachandran
245 #0 - TITLE STATEMENT
Title Overall survival in patients with malignant glioma may be significantly longer with tumors located in deep grey matter
260 ## - PUBLICATION, DISTRIBUTION, ETC. (IMPRINT)
Name of publisher Journal of the Neurological Sciences
Year of publication 2007
300 ## - PHYSICAL DESCRIPTION
Number of Pages 49-56
942 ## - ADDED ENTRY ELEMENTS (KOHA)
Koha item type Reprints
Holdings
Withdrawn status Lost status Damaged status Not for loan Home library Current library Date acquired Serial Enumeration / chronology Koha item type
      Reprints RRII Library RRII Library 22/12/2021 Volume 260, Issue Reprints